Gare SNCF la plus fréquentée par région - Statistiques

Statistiques générales
  • Ce quiz a été pris 258 fois
  • Le résultat moyen est 9 sur 12
Statistiques - réponses
Département Voyageurs (millions en 2024) Réponse % Correct
Île-de-France 257,02 Paris Gare du Nord
95%
Grand Est 24,57 Strasbourg
87%
Bretagne 15,69 Rennes
83%
Auvergne-Rhône-Alpes 42,43 Lyon Part Dieu
80%
Provence-Alpes-Côte-d'Azur 17,86 Marseille Saint-Charles
80%
Pays de la Loire 17,55 Nantes
80%
Bourgogne-Franche-Comté 8,10 Dijon
76%
Hauts-de-France 25,33 Lille Flandres
73%
Nouvelle-Aquitaine 23,01 Bordeaux Saint-Jean
71%
Occitanie 14,52 Toulouse Matabiau
60%
Centre-Val de Loire 7,01 Tours
60%
Normandie 7,77 Rouen Rive Droite
41%
Aucun quiz correspondant
Distribution des résultats
% des personnes avec chaque résultat
Percentile par nombre de réponses
Votre historique - résultats
Vous n’avez pas pris ce quiz